Normal view
MARC view
Entry Personal Name
001 - CONTROL NUMBER
- control field: 25527
003 - CONTROL NUMBER IDENTIFIER
- control field: UA-OsUOA
005 - DATE AND TIME OF LATEST TRANSACTION
- control field: 20260616102309.0
008 - FIXED-LENGTH DATA ELEMENTS
- fixed length control field: 260616|| aca||aabn | a|a d
040 ## - CATALOGING SOURCE
- Original cataloging agency: UA-OsUOA
- Transcribing agency: UA-OsUOA
100 ## - HEADING--PERSONAL NAME
- Personal name: Кириченко С
670 ## - SOURCE DATA FOUND
- Source citation: Work cat.: (UA-OsUOA)434361: Кириченко С., Люди не зі страху. Українська сага. Спогади, 2013